| 000 | 00926nam a2200241Ia 4500 | ||
|---|---|---|---|
| 003 | OSt | ||
| 005 | 20200903120254.0 | ||
| 008 | 191128s2007 ck gr 000 0 spa d | ||
| 020 | _a9789589828519 | ||
| 040 |
_aCO-JMCR _cCO-JMCR |
||
| 041 | 0 | _aspa | |
| 082 | 0 | 4 |
_a378 / _bU588m _223 |
| 110 | 1 |
_aUniversidad Autónoma de Colombia _99702 |
|
| 245 | 1 | 4 |
_aLas maestrías en administración en Bogotá : _bsituación actual y perspectivas / _cUniversidad Autónoma de Colombia |
| 260 |
_aBogotá : _bDa Vinci editores, _c2007. |
||
| 300 |
_a159 páginas _c24 cm. |
||
| 500 | _aIncluye notas a pie de páginas. | ||
| 504 | _aBibliografía : páginas 155-159. | ||
| 505 | 0 | _aAntecedentes -- Referente conceptual -- Diseño metodológico -- Descripción del terreno de investigación -- Análisis -- Conclusiones | |
| 650 | 2 | 4 |
_aOrganizacón y gestión _99703 |
| 650 | 2 | 4 |
_aEducación superior _zColombia _99283 |
| 942 |
_2ddc _cBK |
||
| 999 |
_c4801 _d4801 |
||